000 00558nam a2200229 a 4500
001 nice12345678
003 IN_TiNIC
005 20260116012834.0
008 050524s1989 gena grp 000 0 eng
020 _a2825432
_c138
082 0 0 _a297.172
_bARA
100 _aArai, Tosh
245 _aSpirituality in Interfaith Dialogue.
260 _aGeneva
_bWCC
_c1989
300 _a103p
500 _aincludes index and biblioraphy
505 2 _aBibliography
650 _aInterfaith Dialogue
902 _bSRS
942 _cBK
999 _c8587
_d8587